[Event "Mumbai Wealth op 3rd"]
[Site "Mumbai"]
[Date "2018.01.01"]
[Round "3"]
[White "Pranav, V."]
[Black "Priye, Bikram"]
[Result "1-0"]
[WhiteElo "2263"]
[BlackElo "1641"]
[PlyCount "63"]
[EventDate "2017.12.30"]
[EventType "swiss"]
[EventRounds "9"]
[EventCountry "IND"]
[SourceTitle "CBM 182 Extra"]
[Source "ChessBase"]
[SourceDate "2018.02.23"]
[SourceVersion "1"]
[SourceVersionDate "2018.02.23"]
[SourceQuality "1"]

1. e4 d6 2. d4 Nf6 3. Nc3 g6 4. Be3 Bg7 5. Qd2 0-0 6. 0-0-0 c6 7. f3 b5 8. g4 a5 9. Kb1 a4 10. Nce2 a3 11. b3 Qb6 12. h4 Rd8 13. h5 Nbd7 14. hxg6 fxg6 15. Bh6 Nf8 16. Bxg7 Kxg7 17. Ng3 Bd7 18. N1e2 c5 19. g5 Ne8 20. d5 Qa5 21. c3 Nc7 22. Bh3 b4 23. c4 Na6 24. f4 Qc7 25. f5 Qc8 26. Nf4 Nc7 27. Bg4 gxf5 28. exf5 Ng6 29. fxg6 hxg6 30. Qc2 Bf5 31. Bxf5 gxf5 32. Nxf5+ 1-0